000 00506 a2200169 4500
005 20250527093241.0
020 _a978-0-07-353019-2
082 _a658 KIN
100 _aKINICKL, W.
245 _aManagement: A Practical in Introduction
250 _a3rd Ed.
260 _aNew York,
_bMcgraw- Hill Irwin,
_c2008.
300 _axxvii, 585p.: Ill.; figures & pictures.
_bGlossary & Index
_c25cm.
700 _aWILLIAMS, B. K.
856 _yAccess Online Book
_fManagement
_dwww.mhhe.com
942 _2ddc
_cBKS
999 _c2713
_d2713